000 00944nam a22002297a 4500
005 20240530110624.0
008 170102s2015 ua a g 000 0 ara d
017 _a2013/21691
_bمصر. دار الكتب
020 _a97897773832910
040 _aEG-CaGPL
_cEG-CaGPL
082 0 4 _221
_a302.3\
_bم ت
100 0 _aمحسن احمد الخضيرى
245 1 2 _aالتفاوض الامنى :
_bمنهج متكامل لتحقيق الامن بافضل الوسائل التفاوضية /
_cمحسن احمد الخضيرى
250 _aط. 1
260 _aالقاهرة :
_bايتراك للطباعة و النشر و التوزيع ،
_c2015.
300 _a201 ص. :
_bرسوم توضيحية ؛
_c24 سم.
650 0 7 _2qrmak
_aالمفاوضات
650 0 7 _2qrmak
_aالامن القومى
650 0 7 _2qrmak
_aالتسوية السلمية للمنازعات
942 _2ddc
_cBK
999 _c63123
_d63123